The railroaders. (Record no. 387)

MARC details
000 -LEADER
fixed length control field 00763cam a2200277 4500
005 - DATE AND TIME OF LATEST TRANSACTION
control field 20260322212018.0
008 - FIXED-LENGTH DATA ELEMENTS--GENERAL INFORMATION
fixed length control field data
010 ## - LIBRARY OF CONGRESS CONTROL NUMBER
LC control number 73084316
040 ## - CATALOGING SOURCE
Original cataloging agency DLC
Transcribing agency DLC
Modifying agency DLC
043 ## - GEOGRAPHIC AREA CODE
Geographic area code n-usp--
050 00 - LIBRARY OF CONGRESS CALL NUMBER
Classification number HE2751
Item number .T55 1973
082 00 - DEWEY DECIMAL CLASSIFICATION NUMBER
Classification number 385/.0978
092 ## - LOCALLY ASSIGNED DEWEY CALL NUMBER (OCLC)
Classification number 385 T55 1973
001 - CONTROL NUMBER
control field data
245 04 - TITLE STATEMENT
Title The railroaders.
Statement of responsibility, etc. edited by Time-Life Books & Keith Wheeler.
260 ## - PUBLICATION, DISTRIBUTION, ETC.
Place of publication, distribution, etc. New York,
Name of publisher, distributor, etc. Time-Life Books
Date of publication, distribution, etc. [1973]
300 ## - PHYSICAL DESCRIPTION
Extent 240 p.
Other physical details illus.
Dimensions 29 cm.
490 1# - SERIES STATEMENT
Series statement The Old West
504 ## - BIBLIOGRAPHY, ETC. NOTE
Bibliography, etc. note Bibliography: p. 236-237.
650 #0 - SUBJECT ADDED ENTRY--TOPICAL TERM
Topical term or geographic name entry element Pacific railroads
General subdivision History.
650 #0 - SUBJECT ADDED ENTRY--TOPICAL TERM
Topical term or geographic name entry element Railroads
Geographic subdivision West (U.S.)
General subdivision History.
651 #0 - SUBJECT ADDED ENTRY--GEOGRAPHIC NAME
Geographic name West (U.S.)
General subdivision History.
700 1# - ADDED ENTRY--PERSONAL NAME
Personal name Wheeler, Keith.
710 2# - ADDED ENTRY--CORPORATE NAME
Corporate name or jurisdiction name as entry element Time-Life Books.
830 #0 - SERIES ADDED ENTRY--UNIFORM TITLE
Uniform title Old West (Alexandria, Va.)
Holdings
Withdrawn status Lost status Damaged status Not for loan Home library Current library Shelving location Date acquired Total checkouts Full call number Barcode Date last seen Price effective from Koha item type
        Franklin Franklin General stacks 22/03/2026   385/.0978 BC0010397 22/03/2026 22/03/2026 Books